000 01227cam a2200313 a 4500
005 20260322212047.0
008 data
010 _a 2009925018
020 _a9780823033003
020 _a0823033007
040 _aBTCTA
_cBTCTA
_dDLC
_dDLC
042 _alccopycat
050 0 0 _aND2420
_b.H67 2009
082 0 0 _a751.42/2
_222
092 _a751.42 H67 2009
100 1 _aHorowitz, Elizabeth.
245 1 0 _aWatercolor :
_ba beginner's guide /
_cElizabeth Horowitz & Elizabeth Horowitz.
260 _aNew York :
_bWatson-Guptill Publications,
_c[2009]
300 _a143 p. :
_bcol. ill. ;
_c26 cm.
500 _aOriginally published: Watercolor for the first time. c2004.
500 _aIncludes index.
650 0 _aWatercolor painting
_xTechnique.
700 1 _aHorowitz, Elizabeth.
_tWatercolor for the first time.
856 4 2 _3Publisher description
_uhttp://www.loc.gov/catdir/enhancements/fy1007/2009925018-d.html
906 _a7
_bcbc
_ccopycat
_d3
_encip
_f20
_gy-gencatlg
925 0 _aacquire
_b2 shelf copies
_xpolicy default
955 _erc09 2009-09-10 ; to Dewey 2009-09-10
_wrd11 2009-09-18
001 data
999 _c1122
_d1122